Galicia / (Record no. 50905)

MARC details
000 -LEADER
campo de control de longitud fija 00731nam a2200229 i 4500
001 - NÚMERO DE CONTROL
campo de control 50905
003 - IDENTIFICADOR DE NÚMERO DE CONTROL
campo de control ES-MaACL
005 - FECHA Y HORA DE LA ÚLTIMA TRANSACCIÓN
campo de control 20251001175243.0
007 - CAMPO FIJO DE DESCRIPCIÓN FÍSICA--INFORMACIÓN GENERAL
campo de control de longitud fija t|
008 - DATOS DE LONGITUD FIJA--INFORMACIÓN GENERAL
campo de control de longitud fija 030807s1979 sp ||||1| spa d
100 1# - ENTRADA PRINCIPAL--NOMBRE DE PERSONA
Nombre de persona Chamoso Lamas, Manuel.
9 (RLIN) 37906
245 10 - MENCIÓN DEL TÍTULO
Título Galicia /
Mención de responsabilidad, etc. [texto de Manuel Chamoso Lamas, Victoriano González y Bernardo Regal ; fotografía de Zodiaque].
260 ## - PUBLICACIÓN, DISTRIBUCIÓN, ETC.
Lugar de publicación, distribución, etc. [Madrid :
Nombre del editor, distribuidor, etc. Encuentro,
Fecha de publicación, distribución, etc. 1979]
300 ## - DESCRIPCIÓN FÍSICA
Extensión 555 p., 180 lám. ;
Dimensiones 23 cm.
490 1# - MENCIÓN DE SERIE
Mención de serie la España románica
700 1# - ENTRADA AGREGADA--NOMBRE PERSONAL
Nombre de persona González, Victoriano.
9 (RLIN) 58388
700 1# - ENTRADA AGREGADA--NOMBRE PERSONAL
Nombre de persona Regal, Bernardo.
9 (RLIN) 95865
700 0# - ENTRADA AGREGADA--NOMBRE PERSONAL
Nombre de persona Zodiaque
9 (RLIN) 118322
830 0# - PUNTO DE ACCESO ADICIONAL DE SERIE-TÍTULO UNIFORME
Título uniforme la España románica
9 (RLIN) 182338
852 ## - LOCALIZACIÓN
Ubicación ES-MaACL
Número de control de estantería A-10329
Sublocalización o colección R.99569
Holdings
Estatus retirado Estado de pérdida Estado de daño No para préstamo Biblioteca de origen Biblioteca actual Ubicación en estantería Fecha de adquisición Fuente de adquisición Total de préstamos Signatura topográfica completa Código de barras Visto por última vez Precio de reemplazo Tipo de ítem Koha
        Biblioteca del Ateneo de Madrid Biblioteca del Ateneo de Madrid Depósito 1 17/01/2008     A-10329 1053536 23/02/2023 23/02/2023 Libro impreso